| 000 | 00988cam a22003011 4500 | ||
|---|---|---|---|
| 001 | 2643572 | ||
| 003 | OSt | ||
| 005 | 20140310182658.0 | ||
| 008 | 740506s1967 nyuabc 000 0 ger | ||
| 010 | _a 67003807 | ||
| 020 | _a0442244614 | ||
| 040 |
_aDLC _cDLC _dDLC |
||
| 050 | 0 | 0 |
_aPF3111 _b.L6 |
| 100 | 1 |
_aLloyd, Albert L., _d1930- |
|
| 245 | 1 | 0 |
_aDeutsch und Deutschland heute _c[by] Albert L. Lloyd [and] Albert R. Schmitt. |
| 260 |
_aNew York, _bAmerican Book Co. _c1981 |
||
| 300 |
_axiv, 334 p. _billus., maps (part col.), port. _c24 cm. |
||
| 521 | _ahigh school to college student | ||
| 526 | _c0L to 1700L | ||
| 541 | _j1 | ||
| 562 | _efor circulation. 1 copy available in the collection | ||
| 650 | 0 |
_aGerman language _xReaders. |
|
| 650 | 0 |
_aGerman language _xGrammar. |
|
| 650 | 0 |
_aGerman language _xComposition and exercises. |
|
| 700 | 1 |
_aSchmitt, Albert R., _ejoint author. |
|
| 906 |
_a7 _bcbc _corignew _du _eocip _f19 _gy-gencatlg |
||
| 942 |
_2lcc _cBK _kM |
||
| 999 |
_c15143 _d15143 |
||